| 000 | 00404 a2200145 4500 | ||
|---|---|---|---|
| 001 | 153688 | ||
| 040 | _cEscola São Tomás de Aquino | ||
| 100 | _aBELINKY, Tatiana | ||
| 240 | 1 | 0 |
_aA alegre vovó Guida, que é um bocado distraída _lpor |
| 245 | 1 | 0 | _aA alegre vovó Guida, que é um bocado distraída |
| 362 | 0 | _a2010 | |
| 440 | 1 | _aEditora do Brasil | |
| 697 | _a*LITERATURA INFANTIL | ||
| 942 | _cBK | ||
| 999 |
_c153688 _d153688 |
||